000 01305nam0a22002771 4500
001 rc\3693136
005 20260406160242.0
021 _aRU
_b[71-59249]
035 _a(NLR Aleph) 007850679
090 _a7779413
_c7779413
100 _a20130115d1971 |||y0rusy50 ca
101 0 _arus
102 _aRU
105 _ay z |||||
200 1 _aКачественные показатели и методика изучения деятельности рентгенодиагностических кабинетов
_e(Метод. письмо)
_fМ-во здравоохранения МССР. Респ. рентгено-радиол. центр
210 _aКишинев
_cШтиинца
_d1971
215 _a30 с.
_d21
300 _aНа 19-й с. сост.: канд. мед. наук Л.Е. Кишиневский
606 _aРентгеновские отделения и кабинеты
_xАнализ работы
_2psbo
702 1 _aКишиневский
_bЛ.Е.
_gЛев Ефимович
_4220
712 0 2 _aМолдавский республиканский рентгено-радиологический центр
_cКишинев
_3RU\NLR\AUTH\889931590
_9358597
801 0 _aRU
_bNLR
_gpsbo
801 1 _aRU
_bELAR
_2rusmarc
852 _aNLR
_j71-6/4351
942 _cBOOK
980 _aNB